| 000 | 00544cab a2200205 4500 | ||
|---|---|---|---|
| 001 | X1130 | ||
| 008 | 090401t1993 xxu||||| |||| 00| 0 eng d | ||
| 035 | _a(Sirsi) u14847 | ||
| 041 | _aeng | ||
| 245 | _aHebridean superquarry awaits decision | ||
| 260 | _c1993 | ||
| 350 | _a0 | ||
| 490 |
_aCS Monthly : Minerals bulletin _v3(2) October 1993, 1(1) |
||
| 650 | _aCOASTAL SUPERQUARRIES | ||
| 650 | _aLINGARABAY | ||
| 650 | _aMINERALS PLANNING GUIDANCE NOTE SIX | ||
| 690 | _aPLANNING LAW AND PRACTICE | ||
| 942 | _n0 | ||
| 948 | _c04/03/1997 | ||
| 999 |
_c9691 _d9691 |
||